Polscy skoczkowie narciarscy chociaż z jednym podium w pś - Statystyki

Ogólne statystyki
  • Ten quiz został rozwiązany 150 razy
  • Średni wynik to 8 z 12
Statystyki odpowiedzi
Skoczek Liczba podiów % Poprawnych
Kamil Stoch 80
100%
Piotr Żyła 23
100%
Adam Małysz 92
99%
Dawid Kubacki 38
99%
Maciej Kot 3
91%
Andrzej Stękała 1
67%
Krzysztof Biegun 1
58%
Jan Ziobro 2
56%
Piotr Fijas 10
54%
Tadeusz Fijas 1
51%
Stanisław Bobak 4
34%
Janusz Malik 1
7%
Nie znaleziono quizów pasujących do podanych kryteriów
Rozkład punktacji
Procent ludzi z każdym wynikiem
Percentyl według liczby udzielonych odpowiedzi
Twoja historia wyników
Nie rozwiązałeś tego quizu